Ultrasonography workshop : 8 October 1989.

Bibliographic Details
Corporate Author: University of Sydney. Post-Graduate Committee in Veterinary Science
Format: Book
Language:English
Published: Sydney South, NSW Australia : Post Graduate Committee in Veterinary Science, University of Sydney, [1989]
Series:Proceedings (Refresher Course for Veterinarians) ; no. 126.
Subjects:

MARC

Tag First Indicator Second Indicator Subfields
LEADER 00000cam a2200000 a 4500
001 in00004475111
005 20191202143304.0
008 891220s1989 at a b f10100 eng d
020 |a 0909973717 
035 |a (OCoLC)20807870 
035 |9 AAE3325MS 
035 |z (UtOrBLW)14052 
035 |a 24786 
040 |a LBD  |c LBD  |d AGL  |d TMV  |d UtOrBLW 
049 |a TMVM  |c 1 
060 4 |a SF 774  |b U47 1989 
070 0 |a SF774.U4  |b 1989 
072 0 |a L800 
245 0 0 |a Ultrasonography workshop :  |b 8 October 1989. 
264 1 |a Sydney South, NSW Australia :  |b Post Graduate Committee in Veterinary Science, University of Sydney,  |c [1989] 
300 |a 170 pages :  |b illustrations ;  |c 26 cm. 
336 |a text  |2 rdacontent  |b txt 
337 |a unmediated  |2 rdamedia 
338 |a volume  |2 rdacarrier  |b nc 
490 1 |a Proceedings / Refresher course for veterinarians,  |x 0814-6829 ;  |v 126 
500 |a "Venue: Faculty of Veterinary Science. The University of Sydney." 
504 |a Includes bibliographical references and index. 
650 2 |a Ultrasonography  |x veterinary. 
650 2 |a Animal Diseases  |x diagnosis. 
655 2 |a Congresses. 
710 2 |a University of Sydney.  |b Post-Graduate Committee in Veterinary Science. 
830 0 |a Proceedings (Refresher Course for Veterinarians) ;  |v no. 126. 
999 |a MARS 
999 f f |s 5fefea3b-f8c6-3ca8-ac19-fa7f7dd425f5  |i f09cd685-d426-3592-bb63-d859559b58a3  |t 0 
952 f f |p preservation  |a Texas A&M University  |b J.J. Pickle Campus  |c High Density Repository  |d Remote Storage  |t 0  |e SF 774 U47 1989  |h National Library of Medicine classification  |i unmediated -- volume  |m 323890097826E 
998 f f |a SF 774 U47 1989  |t 0  |l Remote Storage